Language Quiz

Random Language or Letter Quiz

'All-' Vocabulary Quiz Stats

Quiz Updated Mar 23, 2016

Also try: 'Pan-' Vocabulary
Challenge
Share
Tweet
Embed
Score 0/18 Timer 03:00
0 Plays Today
% Correct
Alligator
93.6%
Alley
93.6%
Alluring
91.6%
Allergy
91%
Alloy
90.5%
Allowance
90.5%
Alleviate
89.8%
Allegation
89.5%
Allegiance
86.2%
% Correct
Allude
85.5%
Allonym
84.2%
Alliteration
84%
Allegory
82.6%
Alliance
81.3%
Allopathy
80.5%
Allele
80.2%
Allot
77.8%
Allocution
70.9%

You're not logged in!

Compare scores with friends on all Sporcle quizzes.
Join for Free
OR
Log In

You Might Also Like...

Show Comments

Extras

Top Quizzes Today


Score Distribution

Your Account Isn't Verified!

In order to create a playlist on Sporcle, you need to verify the email address you used during registration. Go to your Sporcle Settings to finish the process.

Report this User

Report this user for behavior that violates our Community Guidelines.

Details: